[Event "AUT-chT2O 2122"]
[Site "Austria"]
[Date "2022.03.13"]
[Round "9.3"]
[White "Gattermayer, Robert"]
[Black "Iro, Christian"]
[Result "1/2-1/2"]
[WhiteElo "1993"]
[BlackElo "2081"]
[PlyCount "25"]
[EventDate "2021.10.16"]
[EventType "team-tourn"]
[EventRounds "11"]
[EventCountry "AUT"]
[SourceTitle "EXT 2023"]
[Source "ChessBase"]
[SourceDate "2022.10.05"]
[SourceVersion "1"]
[SourceVersionDate "2022.10.05"]
[SourceQuality "1"]
[WhiteTeam "Poechlarn"]
[BlackTeam "Wien Austria"]
[WhiteTeamCountry "AUT"]
[BlackTeamCountry "AUT"]

1. e4 c6 2. d4 d5 3. Nc3 dxe4 4. Nxe4 Nf6 5. Nxf6+ exf6 6. Nf3 Bd6 7. Bd3 0-0 8. 0-0 Bg4 9. h3 Bh5 10. Re1 Nd7 11. c4 Bb4 12. Re3 Bd6 13. Bf1 1/2-1/2

[Event "WchT Seniors 50"]
[Site "Prague"]
[Date "2020.03.07"]
[Round "2.9"]
[White "Gattermayer, Robert"]
[Black "Koehler, Gerhard"]
[Result "1/2-1/2"]
[WhiteElo "1979"]
[BlackElo "2204"]
[PlyCount "145"]
[EventDate "2020.03.06"]
[EventType "team-swiss"]
[EventRounds "7"]
[EventCountry "CZE"]
[SourceTitle "CBM 195 Extra"]
[Source "ChessBase"]
[SourceDate "2020.05.31"]
[SourceVersion "1"]
[SourceVersionDate "2020.05.31"]
[SourceQuality "1"]
[WhiteTeam "Austria 50"]
[BlackTeam "Germany 50"]
[WhiteTeamCountry "AUT"]
[BlackTeamCountry "GER"]

1. e4 c5 2. Nc3 Nc6 3. d3 g6 4. g3 Bg7 5. Bg2 d6 6. Be3 Nf6 7. h3 Rb8 8. Qd2 Nd4 9. Nce2 Nc6 10. c3 0-0 11. Bh6 e5 12. Nf3 d5 13. Bxg7 Kxg7 14. exd5 Nxd5 15. 0-0 f6 16. Rad1 Be6 17. c4 Nde7 18. Kh2 Qc7 19. a3 Rbd8 20. Qc2 Rd7 21. Qb1 Qb6 22. b3 Rfd8 23. Nc3 Qa5 24. Na4 Bf5 25. Ne1 h5 26. f3 Be6 27. Nc2 Rxd3 28. Rxd3 Rxd3 29. Nb4 Rd6 30. Nd3 b6 31. Rd1 Rd4 32. Qc2 Qa6 33. g4 Qc8 34. Nc3 Qh8 35. Kg1 Qh6 36. Qe2 Bf7 37. Ne4 g5 38. Ndf2 Ng6 39. Nd6 Be6 40. Rxd4 Nxd4 41. Qe4 Kg8 42. Ne8 Nf8 43. Qb7 f5 44. gxh5 Bf7 45. Qe7 Bxe8 46. Qxe8 Ne2+ 47. Kh2 Qd6 48. h6 e4+ 49. Kh1 Qxh6 50. fxe4 g4 51. Qd8 Qc1+ 52. Qd1 Qxd1+ 53. Nxd1 gxh3 54. Bxh3 fxe4 55. Bg2 Ne6 56. Kh2 Ng5 57. Bf1 Nd4 58. b4 Nc2 59. bxc5 bxc5 60. a4 Nf3+ 61. Kg3 Nd2 62. Be2 Kf7 63. Kf4 Ke6 64. Nc3 Nd4 65. Bg4+ Kd6 66. Nxe4+ Nxe4 67. Kxe4 Kc6 68. Ke5 a5 69. Bh5 Nc2 70. Be8+ Kb6 71. Ke4 Nb4 72. Ke5 Kc7 73. Bb5 1/2-1/2

[Event "WchT Seniors 50"]
[Site "Prague"]
[Date "2020.03.06"]
[Round "1.15"]
[White "Zabehlicky, Jiri"]
[Black "Gattermayer, Robert"]
[Result "0-1"]
[WhiteElo "1462"]
[BlackElo "1979"]
[PlyCount "130"]
[EventDate "2020.03.06"]
[EventType "team-swiss"]
[EventRounds "7"]
[EventCountry "CZE"]
[SourceTitle "CBM 195 Extra"]
[Source "ChessBase"]
[SourceDate "2020.05.31"]
[SourceVersion "1"]
[SourceVersionDate "2020.05.31"]
[SourceQuality "1"]
[WhiteTeam "Czech Republic 50 XII"]
[BlackTeam "Austria 50"]
[WhiteTeamCountry "CZE"]
[BlackTeamCountry "AUT"]

1. e4 e5 2. Nf3 Nf6 3. Nc3 Nc6 4. Bb5 Nd4 5. d3 Nxb5 6. Nxb5 c6 7. Nc3 d6 8. 0-0 Be7 9. Be3 Bg4 10. h3 Bh5 11. Ne2 Bxf3 12. gxf3 Qd7 13. Kh2 c5 14. Ng3 g6 15. Bh6 0-0-0 16. Qd2 Kb8 17. c4 Rhg8 18. a3 Qa4 19. b4 Nd7 20. b5 Rc8 21. Ne2 Bd8 22. Nc3 Qa5 23. Nd5 Qxd2 24. Bxd2 Nb6 25. Nxb6 Bxb6 26. a4 Bd8 27. Rg1 Bh4 28. Be3 f5 29. exf5 gxf5 30. Rxg8 Rxg8 31. Rg1 Rg6 32. Rxg6 hxg6 33. Kg2 Kc7 34. Bd2 d5 35. Ba5+ Kd6 36. Bc3 Bg5 37. Kg3 Bf4+ 38. Kg2 e4 39. fxe4 fxe4 40. dxe4 d4 41. Bb2 Bd2 42. f3 Ke5 43. Kf2 Kf4 44. Ke2 Be3 45. Ba3 b6 46. Bb2 Kg3 47. Ba3 Bf4 48. Bb2 Kxh3 49. Ba3 Kh4 50. Bb2 Kg5 51. Ba3 Kf6 52. Bb2 Ke5 53. Kd3 Kd6 54. Ba3 Kc7 55. Ke2 Kb7 56. Bb2 a5 57. Ba3 Kc7 58. Bb2 Kd6 59. Ba3 Ke5 60. Bb2 Be3 61. Ba3 Kf4 62. Bb2 g5 63. Ba3 g4 64. fxg4 Kxe4 65. Bxc5 d3+ 0-1

[Event "WchT Seniors 50"]
[Site "Radebeul"]
[Date "2016.07.01"]
[Round "6.18"]
[White "Gattermayer, Robert"]
[Black "Boye, Niels Mollmann"]
[Result "1/2-1/2"]
[WhiteElo "2003"]
[BlackElo "1862"]
[PlyCount "37"]
[EventDate "2016.06.26"]
[EventType "team-swiss"]
[EventRounds "9"]
[EventCountry "GER"]
[SourceTitle "CBM 173 Extra"]
[Source "ChessBase"]
[SourceDate "2016.08.29"]
[SourceVersion "1"]
[SourceVersionDate "2016.08.29"]
[SourceQuality "1"]
[WhiteTeam "Austria"]
[BlackTeam "Copenhagen 68"]
[WhiteTeamCountry "AUT"]
[BlackTeamCountry "DEN"]

1. e4 c5 2. Nc3 Nc6 3. d3 g6 4. Be3 d6 5. g3 Bg7 6. Qd2 Nf6 7. Bh6 Bxh6 8. Qxh6 Nd4 9. Qd2 b5 10. Bg2 Bb7 11. Nce2 e5 12. c3 Ne6 13. Nf3 c4 14. Nh4 Qb6 15. Rd1 Rd8 16. b4 cxd3 17. Qxd3 d5 18. exd5 Bxd5 19. Qc2 1/2-1/2

[Event "AUT-chT2O 1516"]
[Site "Austria"]
[Date "2016.04.02"]
[Round "9.5"]
[White "Gattermayer, Robert"]
[Black "Morgunov, Daniel"]
[Result "0-1"]
[WhiteElo "2007"]
[BlackElo "2109"]
[PlyCount "50"]
[EventDate "2015.10.17"]
[EventType "team-tourn"]
[EventRounds "11"]
[EventCountry "AUT"]
[SourceTitle "EXT 2017"]
[Source "ChessBase"]
[SourceDate "2016.10.25"]
[SourceVersion "1"]
[SourceVersionDate "2016.10.25"]
[SourceQuality "1"]
[WhiteTeam "Poechlarn"]
[BlackTeam "Tschaturanga"]
[WhiteTeamCountry "AUT"]
[BlackTeamCountry "AUT"]

1. e4 e5 2. Nf3 d6 3. d4 exd4 4. Qxd4 Nf6 5. Bg5 Be7 6. Nc3 0-0 7. 0-0-0 c5 8. Qd2 Nc6 9. Kb1 a6 10. Bxf6 Bxf6 11. Qxd6 Qa5 12. Nd5 Be6 13. Be2 Bxd5 14. Qxd5 Rfd8 15. Qf5 Re8 16. a3 Qb6 17. b3 Qa5 18. e5 Nxe5 19. Nxe5 Rxe5 20. Qd3 Qxa3 21. c4 Rxe2 22. Qxe2 Qa1+ 23. Kc2 Qb2+ 24. Kd3 Rd8+ 25. Ke3 Re8+ 0-1

[Event "AUT-ch"]
[Site "Pinkafeld"]
[Date "2015.07.29"]
[Round "5"]
[White "Spiesberger, Gerhard"]
[Black "Gattermayer, Robert"]
[Result "1-0"]
[WhiteElo "2075"]
[BlackElo "2001"]
[PlyCount "95"]
[EventDate "2015.07.25"]
[EventType "swiss"]
[EventRounds "9"]
[EventCountry "AUT"]
[SourceTitle "CBM 167 Extra"]
[Source "ChessBase"]
[SourceDate "2015.09.14"]
[SourceVersion "1"]
[SourceVersionDate "2015.09.14"]
[SourceQuality "1"]

1. e4 e5 2. Nc3 Nf6 3. Nf3 Nc6 4. Bb5 Nd4 5. Bc4 d6 6. h3 Be6 7. Bxe6 Nxe6 8. d4 exd4 9. Nxd4 Qd7 10. 0-0 Be7 11. Nf5 0-0-0 12. Be3 Kb8 13. Qd3 Rhe8 14. Nb5 a6 15. Nc3 Bf8 16. Nd5 Nc5 17. Nxf6 gxf6 18. Bxc5 dxc5 19. Qxd7 Rxd7 20. Rad1 Red8 21. Ne3 Bh6 22. Rxd7 Rxd7 23. Rd1 Rxd1+ 24. Nxd1 Kc8 25. g3 Kd7 26. f4 Ke6 27. Ne3 c6 28. c4 Bf8 29. Nf5 Kd7 30. Kf2 Ke6 31. Kf3 Kd7 32. Kg4 Ke6 33. h4 Kd7 34. h5 h6 35. Kh4 Ke6 36. g4 Kd7 37. g5 fxg5+ 38. fxg5 hxg5+ 39. Kxg5 Ke6 40. Kf4 b6 41. e5 f6 42. h6 fxe5+ 43. Ke4 Kf7 44. h7 Bg7 45. Nxg7 Kxg7 46. Kxe5 b5 47. b3 bxc4 48. bxc4 1-0

[Event "AUT-chT2O 1314"]
[Site "Austria"]
[Date "2013.11.23"]
[Round "3.5"]
[White "Gattermayer, Robert"]
[Black "Zwettler, Martin"]
[Result "1/2-1/2"]
[WhiteElo "2035"]
[BlackElo "2194"]
[PlyCount "63"]
[EventDate "2013.10.05"]
[EventType "team-tourn"]
[EventRounds "11"]
[EventCountry "AUT"]
[SourceTitle "CBM 157 Extra"]
[Source "ChessBase"]
[SourceDate "2013.12.19"]
[SourceVersion "1"]
[SourceVersionDate "2013.12.19"]
[SourceQuality "1"]
[WhiteTeam "Poechlarn"]
[BlackTeam "Zwettl"]
[WhiteTeamCountry "AUT"]
[BlackTeamCountry "AUT"]

1. e4 c5 2. Nc3 a6 3. g3 b5 4. Bg2 Bb7 5. d3 e6 6. Nf3 Nf6 7. 0-0 d5 8. exd5 Nxd5 9. Nxd5 Bxd5 10. c4 Bc6 11. Be3 bxc4 12. dxc4 Qxd1 13. Rfxd1 Nd7 14. Rd2 Be7 15. Rad1 0-0-0 16. b3 f6 17. Ne1 Bxg2 18. Kxg2 Ne5 19. Nd3 Nxd3 20. Rxd3 Rxd3 21. Rxd3 Kc7 22. Kf3 Ra8 23. Ke4 Bd6 24. f4 g6 25. Kf3 f5 26. Bd2 a5 27. a4 Kc6 28. Bc3 Be7 29. Re3 Kd7 30. Rd3+ Kc6 31. Re3 Kd7 32. Rd3+ 1/2-1/2

[Event "AUT-chT2O 1213"]
[Site "Austria"]
[Date "2013.02.03"]
[Round "7.6"]
[White "Leitner, Gerald"]
[Black "Gattermayer, Robert"]
[Result "1-0"]
[WhiteElo "2206"]
[BlackElo "2004"]
[PlyCount "111"]
[EventDate "2012.10.06"]
[EventType "team-tourn"]
[EventRounds "11"]
[EventCountry "AUT"]
[SourceTitle "EXT 2014"]
[Source "ChessBase"]
[SourceDate "2013.11.20"]
[SourceVersion "1"]
[SourceVersionDate "2013.11.20"]
[SourceQuality "1"]
[WhiteTeam "Tschaturanga"]
[BlackTeam "Poechlarn"]
[WhiteTeamCountry "AUT"]
[BlackTeamCountry "AUT"]

1. c4 e5 2. g3 f5 3. Bg2 Nf6 4. Nc3 d6 5. e3 c6 6. d4 Be7 7. Nge2 0-0 8. 0-0 Kh8 9. b4 Nbd7 10. Qc2 Nb6 11. c5 Nbd5 12. cxd6 Bxd6 13. dxe5 Bxe5 14. Rb1 Qe7 15. b5 Bd7 16. Nxd5 cxd5 17. Rd1 Be6 18. Nd4 Ne4 19. Qb3 Rfd8 20. Ba3 Qf7 21. Rbc1 Rac8 22. Nxe6 Qxe6 23. Rxc8 Qxc8 24. Rxd5 Bf6 25. Rxd8+ Qxd8 26. Bb4 h6 27. a4 b6 28. Qc2 Qd5 29. h3 Qe5 30. g4 Bh4 31. Qc8+ Kh7 32. Bxe4 Qa1+ 33. Kg2 fxe4 34. Qf5+ Kg8 35. Qf8+ Kh7 36. Qf5+ Kg8 37. Qxe4 Qxa4 38. Qd5+ Kh7 39. Bc3 Qc2 40. Qf5+ Qxf5 41. gxf5 Bd8 42. Be5 Kg8 43. Kf3 Kf7 44. Ke4 g6 45. fxg6+ Kxg6 46. Kd5 Kg5 47. Bg3 Be7 48. e4 Bc5 49. Ke6 h5 50. f4+ Kg6 51. Bh4 Kg7 52. Bf6+ Kf8 53. f5 Ke8 54. Bg7 a5 55. bxa6 b5 56. f6 1-0

[Event "AUT-ch"]
[Site "Zwettl"]
[Date "2012.07.28"]
[Round "8"]
[White "Spiesberger, Gerhard"]
[Black "Gattermayer, Robert"]
[Result "1-0"]
[WhiteElo "2130"]
[BlackElo "2000"]
[PlyCount "147"]
[EventDate "2012.07.21"]
[EventType "swiss"]
[EventRounds "9"]
[EventCountry "AUT"]
[SourceTitle "CBM 149 Extra"]
[Source "ChessBase"]
[SourceDate "2012.08.24"]
[SourceVersion "1"]
[SourceVersionDate "2012.08.24"]
[SourceQuality "1"]

1. e4 e5 2. Nc3 Nc6 3. Bb5 Nf6 4. d3 a6 5. Bxc6 bxc6 6. Nf3 d6 7. d4 exd4 8. Qxd4 c5 9. Qd3 Be7 10. 0-0 0-0 11. e5 Ng4 12. exd6 Qxd6 13. Qe4 Rb8 14. Bf4 Qe6 15. Rab1 Qxe4 16. Nxe4 Rb4 17. Rfe1 Bf5 18. Nfd2 Bf6 19. f3 Ne5 20. Nxf6+ gxf6 21. Ne4 Kg7 22. Bd2 Rbb8 23. Bc3 Rfe8 24. Rbd1 c4 25. Rd2 Rb5 26. Kf2 Be6 27. Nxf6 Kxf6 28. Rxe5 Rxe5 29. f4 Kf5 30. Bxe5 c6 31. h3 h5 32. Rd6 Rc8 33. g3 Ke4 34. Bc3 Bxh3 35. Rd4+ Kf5 36. Rxc4 Kg6 37. Rc5 Bf5 38. Bd4 f6 39. b4 Be4 40. a4 Rb8 41. c3 Re8 42. c4 Rd8 43. Ke3 Re8 44. Kd2 Bf3 45. Be3 Rd8+ 46. Kc3 Rd1 47. Ra5 Be4 48. Bd2 Rg1 49. f5+ Bxf5 50. Bf4 Bc8 51. Kd4 Rb1 52. Kc5 Kf5 53. Kxc6+ Kg4 54. Bd6 Be6 55. Rxa6 Bxc4 56. Ra7 Rc1 57. Kd7 f5 58. b5 Rb1 59. Kc6 Rb3 60. b6 Rd3 61. Rg7+ Kh3 62. b7 Bd5+ 63. Kc5 Bxb7 64. Rxb7 Ra3 65. Rb4 Rc3+ 66. Rc4 Rd3 67. a5 Ra3 68. Kb6 Rb3+ 69. Rb4 Rd3 70. Bc7 Re3 71. a6 f4 72. Bxf4 Re6+ 73. Kb7 Re7+ 74. Bc7 1-0

[Event "AUT-chT 1011"]
[Site "Austria"]
[Date "2011.01.22"]
[Round "6.6"]
[White "Gattermayer, Robert"]
[Black "Kilgus, Georg"]
[Result "0-1"]
[WhiteElo "2013"]
[BlackElo "2375"]
[PlyCount "86"]
[EventDate "2010.11.19"]
[EventType "team-tourn"]
[EventRounds "11"]
[EventCountry "AUT"]
[SourceTitle "EXT 2012"]
[Source "ChessBase"]
[SourceDate "2011.11.24"]
[SourceVersion "1"]
[SourceVersionDate "2011.11.24"]
[SourceQuality "1"]
[WhiteTeam "Poechlarn"]
[BlackTeam "Fuerstenfeld"]
[WhiteTeamCountry "AUT"]
[BlackTeamCountry "AUT"]

1. e4 c5 2. Nc3 Nc6 3. g3 g6 4. Bg2 Bg7 5. d3 d6 6. f4 e6 7. Nf3 Nge7 8. Be3 b6 9. 0-0 0-0 10. Qd2 d5 11. Bf2 dxe4 12. dxe4 Qxd2 13. Nxd2 Ba6 14. Rfe1 Rad8 15. Nf3 Bxc3 16. bxc3 Na5 17. g4 Rd7 18. Bh4 f6 19. Rad1 Bb5 20. Rxd7 Bxd7 21. Rd1 Ba4 22. Rd6 Kf7 23. e5 Nc4 24. Rd3 Nd5 25. exf6 Nxf4 26. Ng5+ Kg8 27. f7+ Kg7 28. Rf3 e5 29. Bg3 h6 30. Bxf4 hxg5 31. Bxg5 Bc6 32. Bh6+ Kxh6 33. Rh3+ Kg5 34. Bxc6 Rxf7 35. Bd5 Rf4 36. Be6 Nd2 37. Rh7 Rf6 38. h4+ Kf4 39. Bc8 Kg3 40. Bf5 gxf5 41. g5 Rd6 42. Rh6 Nf3+ 43. Kf1 Rd2 0-1

[Event "AUT-chT2O 0910"]
[Site "Austria"]
[Date "2009.11.15"]
[Round "4.6"]
[White "Stadler, Peter"]
[Black "Gattermayer, Robert"]
[Result "1-0"]
[WhiteElo "2169"]
[BlackElo "2043"]
[PlyCount "57"]
[EventDate "2009.10.17"]
[EventType "team-tourn"]
[EventRounds "11"]
[EventCountry "AUT"]
[SourceTitle "EXT 2010"]
[Source "ChessBase"]
[SourceDate "2010.11.25"]
[SourceVersion "1"]
[SourceVersionDate "2010.11.25"]
[SourceQuality "1"]
[WhiteTeam "Zwettl"]
[BlackTeam "Poechlarn"]
[WhiteTeamCountry "AUT"]
[BlackTeamCountry "AUT"]

1. d4 Nf6 2. Nf3 e6 3. c4 b6 4. g3 Bb7 5. Bg2 Bb4+ 6. Bd2 a5 7. 0-0 0-0 8. Bf4 Re8 9. a3 Bf8 10. Qc2 Be4 11. Qd2 d6 12. Nc3 Bb7 13. Qc2 Nbd7 14. Rad1 Rc8 15. b4 axb4 16. axb4 Nh5 17. Ng5 f5 18. Bxb7 Nxf4 19. gxf4 Rb8 20. Bc6 h6 21. Nf3 g5 22. d5 gxf4 23. dxe6 Rxe6 24. Qxf5 Re7 25. Kh1 Bg7 26. Bd5+ Kh8 27. Ne4 Ne5 28. Rg1 c6 29. Nf6 1-0

[Event "AUT-chT2O 0809"]
[Site "Austria"]
[Date "2009.01.18"]
[Round "7.6"]
[White "Gattermayer, Robert"]
[Black "Herndlbauer, Martin"]
[Result "1/2-1/2"]
[WhiteElo "2078"]
[BlackElo "2122"]
[PlyCount "49"]
[EventDate "2008.10.03"]
[EventType "team-tourn"]
[EventRounds "11"]
[EventCountry "AUT"]
[SourceTitle "EXT 2010"]
[Source "ChessBase"]
[SourceDate "2010.11.25"]
[SourceVersion "1"]
[SourceVersionDate "2010.11.25"]
[SourceQuality "1"]
[WhiteTeam "Poechlarn"]
[BlackTeam "Baden II"]
[WhiteTeamCountry "AUT"]
[BlackTeamCountry "AUT"]

1. e4 c5 2. Nc3 Nc6 3. d3 g6 4. Be3 d6 5. g3 Bg7 6. Bg2 Rb8 7. Qd2 b5 8. Rb1 b4 9. Nce2 Qa5 10. Nc1 Bc3 11. bxc3 bxc3 12. Rxb8 cxd2+ 13. Bxd2 Qc7 14. Rb2 e5 15. Nge2 Nge7 16. 0-0 Nd4 17. c3 Nxe2+ 18. Nxe2 Ba6 19. c4 0-0 20. Rfb1 Nc6 21. Nc3 Rb8 22. Rxb8+ Nxb8 23. Nd5 Qd8 24. h4 Nc6 25. Bg5 1/2-1/2

[Event "Niederoesterreich Landesliga 0708"]
[Site "Austria"]
[Date "2008.01.20"]
[Round "8"]
[White "Gattermayer, Robert"]
[Black "Gruszka, Herbert"]
[Result "1-0"]
[WhiteElo "2084"]
[BlackElo "2074"]
[PlyCount "121"]
[EventDate "2007.09.16"]
[EventType "team-tourn"]
[EventRounds "13"]
[EventCountry "AUT"]
[SourceTitle "EXT 2022"]
[Source "ChessBase"]
[SourceDate "2021.10.06"]
[SourceVersion "1"]
[SourceVersionDate "2021.10.06"]
[SourceQuality "1"]

1. e4 e6 2. Qe2 Nc6 3. Nf3 Bc5 4. c3 d5 5. d4 dxe4 6. Ng5 Be7 7. Nxe4 Nf6 8. Nbd2 0-0 9. g3 e5 10. dxe5 Nxe5 11. f3 Bf5 12. Nxf6+ Bxf6 13. Ne4 Nxf3+ 14. Kf2 Bxe4 15. Qxe4 Ne5 16. Be2 Re8 17. Rd1 Qe7 18. Qxb7 Rab8 19. Qxa7 Rb6 20. Qa4 Qc5+ 21. Kf1 Rbe6 22. Qd4 Qe7 23. Qf2 Bg5 24. Kg1 h6 25. Bxg5 hxg5 26. Rd2 g4 27. Rad1 Rf6 28. Qd4 Rd6 29. Qe4 Re6 30. Bxg4 Nxg4 31. Qxg4 Re1+ 32. Kg2 Re2+ 33. Rxe2 Qxe2+ 34. Qxe2 Rxe2+ 35. Kh3 Rxb2 36. Rd8+ Kh7 37. Rd7 Rxa2 38. Rxf7 c5 39. Rf5 Ra5 40. c4 Kg6 41. Rd5 Kf6 42. Kg4 Ke6 43. h4 Kf6 44. Kf4 Ke6 45. Kg5 Kf7 46. g4 Kf8 47. Rd8+ Ke7 48. Rc8 Kf7 49. Rc7+ Kf8 50. h5 Kg8 51. Kf5 Kf8 52. g5 Ra1 53. Rxc5 Ra6 54. Rc7 g6+ 55. hxg6 Rd6 56. c5 Rd5+ 57. Kf6 Rd8 58. Rf7+ Kg8 59. g7 Kh7 60. g6+ Kh6 61. g8Q 1-0

[Event "Niederoesterreich Landesliga 0405"]
[Site "Austria"]
[Date "2005.02.20"]
[Round "8"]
[White "Gattermayer, Robert"]
[Black "Mittermayr, Gerhard"]
[Result "1/2-1/2"]
[WhiteElo "2061"]
[BlackElo "2133"]
[PlyCount "27"]
[EventDate "2004.09.19"]
[EventType "team-tourn"]
[EventRounds "11"]
[EventCountry "AUT"]
[SourceTitle "EXT 2022"]
[Source "ChessBase"]
[SourceDate "2021.10.06"]
[SourceVersion "1"]
[SourceVersionDate "2021.10.06"]
[SourceQuality "1"]

1. e4 c5 2. Nf3 d6 3. d4 cxd4 4. Nxd4 Nf6 5. Nc3 g6 6. Be3 Bg7 7. f3 0-0 8. Qd2 Nc6 9. 0-0-0 d5 10. exd5 Nxd5 11. Nxc6 bxc6 12. Bd4 e5 13. Bc5 Be6 14. Ne4 1/2-1/2

[Event "Ybbs op"]
[Site "Ybbs"]
[Date "2001.??.??"]
[Round "5"]
[White "Gattermayer, Robert"]
[Black "Todor, Razvan"]
[Result "0-1"]
[WhiteElo "2067"]
[BlackElo "2211"]
[PlyCount "72"]
[EventDate "2001.??.??"]
[EventType "swiss"]
[EventRounds "5"]
[EventCountry "AUT"]
[SourceTitle "EXT 2003"]
[Source "ChessBase"]
[SourceDate "2002.11.25"]
[SourceVersion "1"]
[SourceVersionDate "2002.11.25"]
[SourceQuality "1"]

1. e4 d5 2. d4 dxe4 3. Nc3 Bf5 4. f3 Nf6 5. Bg5 Nbd7 6. Bc4 h6 7. Bh4 c6 8. Qd2 g5 9. Bg3 Nb6 10. Bb3 Nbd5 11. 0-0-0 e6 12. Be5 Bb4 13. Bxd5 Nxd5 14. Nge2 f6 15. Bg3 exf3 16. gxf3 Qa5 17. Kb1 0-0-0 18. Be1 Qa6 19. Qc1 Nxc3+ 20. Nxc3 Rd7 21. a3 Be7 22. Qe3 Rhd8 23. Bf2 Bd6 24. Ne4 Bf4 25. Qe1 Bxe4 26. fxe4 Kb8 27. h4 Qc4 28. hxg5 hxg5 29. Rh6 e5 30. Rxf6 exd4 31. e5 d3 32. c3 d2 33. Qg1 a6 34. Bd4 Qe2 35. e6 Re7 36. Rg6 Qe4+ 0-1